| 000 | 01057cab a22002055a 4500 | ||
|---|---|---|---|
| 001 | L143973 | ||
| 008 | 080610e20080607xxk f v 000 0 eng d | ||
| 035 | _a(Sirsi) u143973 | ||
| 041 | 0 | _aeng | |
| 100 | 1 | _aMoss, Robert | |
| 245 | 0 | 0 | _aUncertain times will lead to disputes |
| 260 | _c2008 | ||
| 490 | 0 |
_aEstates Gazette _v(0822) 7 June 2008, 162-163(2) |
|
| 520 | _aThis is the third article in a three part series on commercial service charges (see also L143968 and L143970). Argues that the RICS Code, Service Charges in Commercial Property (2007), will become a bone of contention between landlords and tenants. Considers the flexible approach adopted by the code, problems with wording, the value for money provision in the code and assessing apportionments. Comments on the importance of O'May v City of London Real Property Co (1983) 2 AC 726 (HL). | ||
| 590 | _aKA | ||
| 650 | 2 | 4 | _aO'MAY V CITY OF LONDON REAL PROPERTY COMPANY LTD |
| 651 | 4 |
_aEngland and Wales _y1543- |
|
| 690 | _aPROPERTY-LANDLORD AND TENANT-SERVICE CHARGES | ||
| 942 | _n0 | ||
| 999 |
_c80332 _d80332 |
||